000
00291nam a2200109Ia 4500
008
171211s9999 xx 000 0 und d
020
_a
9781118024027
100
_a
Chang, Kai
245
_a
Doppler Radar Physiological Sensing
260
_b
John Wiley & Sons, Inc.
_c
2016
300
_a
288 pages
999
_c
350816
_d
350816